[Event "MVP-ch Seniors op 16th"]
[Site "Binz"]
[Date "2016.11.26"]
[Round "4.52"]
[White "Hellwege, Werner"]
[Black "Assmann, Hans"]
[Result "1-0"]
[WhiteElo "1885"]
[BlackElo "1707"]
[PlyCount "48"]
[EventDate "2016.11.23"]
[EventType "swiss"]
[EventRounds "9"]
[EventCountry "GER"]
[SourceTitle "EXT 2018"]
[Source "ChessBase"]
[SourceDate "2017.10.13"]
[SourceVersion "1"]
[SourceVersionDate "2017.10.13"]
[SourceQuality "1"]

1. d4 d5 2. Nf3 g6 3. g3 Bg7 4. Bg2 Nf6 5. c4 0-0 6. cxd5 Nxd5 7. e4 Nb6 8. 0-0 c6 9. Nc3 Bg4 10. Be3 Nc4 11. Qb3 b5 12. a4 a6 13. axb5 Na5 14. Qb4 axb5 15. d5 cxd5 16. exd5 Nd7 17. Qxg4 Nf6 18. Qb4 Nc4 19. Rxa8 Qxa8 20. Nd4 Nxe3 21. fxe3 Ng4 22. d6 Qxg2+ 23. Kxg2 Nxe3+ 24. Kg1 Bxd4 1-0

[Event "Schleswig Holstein-ch Seniors op 10th"]
[Site "Buesum"]
[Date "2016.09.26"]
[Round "1"]
[White "Assmann, Hans"]
[Black "Berenstein, Alexander"]
[Result "0-1"]
[WhiteElo "1715"]
[BlackElo "2013"]
[PlyCount "86"]
[EventDate "2016.09.26"]
[EventType "swiss"]
[EventRounds "9"]
[EventCountry "GER"]
[SourceTitle "EXT 2019"]
[Source "ChessBase"]
[SourceDate "2018.10.10"]
[SourceVersion "1"]
[SourceVersionDate "2018.10.10"]
[SourceQuality "1"]

1. e4 e5 2. Nf3 Nc6 3. c3 Qe7 4. Bb5 a6 5. Be2 d6 6. Qc2 h6 7. b4 g5 8. h3 Bg7 9. Bb2 Nf6 10. d3 Bd7 11. a4 Nd8 12. Nbd2 Ne6 13. g3 Rc8 14. Nb3 c5 15. Qd2 cxb4 16. cxb4 0-0 17. Na5 Rc7 18. 0-0 Nd8 19. Kg2 Qe6 20. g4 Qe8 21. Bd1 Ne6 22. Nc4 Nf4+ 23. Kg3 Rxc4 24. Bb3 Rc7 25. Qe3 Qc8 26. Nh2 Be6 27. Bd1 Ne8 28. f3 d5 29. Rf2 d4 30. Qd2 Bf6 31. Nf1 Kg7 32. Kh2 Kg6 33. Ng3 Rh8 34. Nf5 h5 35. Kh1 hxg4 36. fxg4 Bxf5 37. gxf5+ Kg7 38. Rh2 Rh4 39. Bg4 Nd6 40. Rf1 Qe8 41. a5 Qb5 42. Rc1 Rxc1+ 43. Qe1 Qxd3 0-1

[Event "Miedzyzdroje OB Seniors 24th"]
[Site "Miedzyzdroje"]
[Date "2016.06.19"]
[Round "3"]
[White "Assmann, Hans"]
[Black "Petrykowski, Reinhardt"]
[Result "1/2-1/2"]
[WhiteElo "1678"]
[BlackElo "1864"]
[PlyCount "32"]
[EventDate "2016.06.17"]
[EventType "swiss"]
[EventRounds "9"]
[EventCountry "POL"]
[SourceTitle "EXT 2019"]
[Source "ChessBase"]
[SourceDate "2018.10.10"]
[SourceVersion "1"]
[SourceVersionDate "2018.10.10"]
[SourceQuality "1"]

1. e4 c6 2. c3 d5 3. exd5 Qxd5 4. d4 e5 5. Be3 Nf6 6. Nd2 Bd6 7. f3 exd4 8. Bxd4 0-0 9. Bc4 Qg5 10. Kf1 Bf5 11. Ne2 c5 12. Bf2 Nc6 13. Bg3 Bxg3 14. Nxg3 b6 15. f4 Qg6 16. Be2 Bc2 1/2-1/2

[Event "MVP-ch Seniors op 15th"]
[Site "Binz"]
[Date "2015.11.30"]
[Round "7.63"]
[White "Assmann, Hans"]
[Black "Thielemann, Joachim"]
[Result "0-1"]
[WhiteElo "1471"]
[BlackElo "1672"]
[PlyCount "92"]
[EventDate "2015.11.24"]
[EventType "swiss"]
[EventRounds "9"]
[EventCountry "GER"]
[SourceTitle "EXT 2017"]
[Source "ChessBase"]
[SourceDate "2016.10.25"]
[SourceVersion "1"]
[SourceVersionDate "2016.10.25"]
[SourceQuality "1"]

1. e4 e5 2. Nf3 Nc6 3. Bc4 Be7 4. 0-0 d6 5. c3 Nf6 6. d4 0-0 7. dxe5 Nxe4 8. Bd5 Nc5 9. b4 Ne6 10. Re1 Bd7 11. a4 Rb8 12. Na3 Nxe5 13. Nxe5 dxe5 14. b5 Bf6 15. Rb1 Nf4 16. Be4 Re8 17. Qf3 Bc8 18. c4 Ng6 19. Qe3 Be6 20. Rb3 a6 21. Rd3 Qc8 22. h3 Bf5 23. Nc2 axb5 24. axb5 Nf4 25. Bxf5 Qxf5 26. Rd2 h6 27. g4 Qg6 28. Qg3 h5 29. Ne3 Rbd8 30. f3 Rxd2 31. Bxd2 Qd3 32. Qh2 Nxh3+ 33. Kh1 hxg4 34. fxg4 Ng5 35. Rf1 Qe4+ 36. Qg2 Rd8 37. Nd5 Qxg2+ 38. Kxg2 Ne4 39. Bb4 c5 40. bxc6 bxc6 41. Nxf6+ gxf6 42. Kh3 Kg7 43. Kg2 Kg6 44. Re1 c5 45. Ba5 Rd4 46. Kf3 Ng5+ 0-1

[Event "Miedzyzdroje OB Seniors 23rd"]
[Site "Miedzyzdroje"]
[Date "2015.06.21"]
[Round "4"]
[White "Assmann, Hans"]
[Black "Marsch, Alfred"]
[Result "1/2-1/2"]
[WhiteElo "1705"]
[BlackElo "1503"]
[PlyCount "43"]
[EventDate "2015.06.17"]
[EventType "swiss"]
[EventRounds "8"]
[EventCountry "POL"]
[SourceTitle "EXT 2018"]
[Source "ChessBase"]
[SourceDate "2017.10.13"]
[SourceVersion "1"]
[SourceVersionDate "2017.10.13"]
[SourceQuality "1"]

1. e4 c5 2. Nf3 e6 3. c3 Nc6 4. d4 cxd4 5. cxd4 Bb4+ 6. Nbd2 d5 7. Qc2 dxe4 8. Qxe4 Nf6 9. Qd3 Ba5 10. a3 0-0 11. b4 Bb6 12. Bb2 a6 13. Be2 Qd6 14. Nc4 Qc7 15. Nxb6 Qxb6 16. 0-0 Rd8 17. Qc4 Bd7 18. Rad1 Rac8 19. Qb3 Be8 20. h3 Rc7 21. Rfe1 Rcd7 22. Ne5 1/2-1/2

[Event "MVP-ch Seniors op 14th"]
[Site "Binz"]
[Date "2014.11.29"]
[Round "5"]
[White "Thielemann, Joachim"]
[Black "Assmann, Hans"]
[Result "1/2-1/2"]
[WhiteElo "1674"]
[BlackElo "1472"]
[PlyCount "149"]
[EventDate "2014.11.25"]
[EventType "swiss"]
[EventRounds "9"]
[EventCountry "GER"]
[SourceTitle "EXT 2016"]
[Source "ChessBase"]
[SourceDate "2015.10.08"]
[SourceVersion "1"]
[SourceVersionDate "2015.10.08"]
[SourceQuality "1"]

1. e4 e5 2. Nc3 a6 3. g3 Nf6 4. Bg2 Nc6 5. d3 Bb4 6. Nge2 h6 7. 0-0 Bc5 8. h3 d6 9. Kh2 Be6 10. f4 g6 11. f5 gxf5 12. exf5 Bd7 13. Ne4 Bb6 14. a3 Qe7 15. c4 0-0-0 16. b4 Nd4 17. Nxd4 Bxd4 18. Rb1 b6 19. Qf3 Bc6 20. b5 Bxe4 21. dxe4 a5 22. Be3 Bc5 23. Rb3 Nd7 24. Rd3 f6 25. g4 Rdg8 26. Qd1 Qf7 27. Qc1 Bxe3 28. Qxe3 Nc5 29. Rd5 Qe7 30. Bf3 Rg7 31. Rg1 Qf8 32. h4 Qe7 33. Rg3 Nd7 34. Kg2 Kb7 35. Kf1 Nc5 36. Ke2 Nd7 37. Kd2 Nc5 38. Kc2 Nd7 39. Rd2 Nc5 40. Rdg2 Nd7 41. Qd2 Nc5 42. g5 hxg5 43. hxg5 Qf7 44. Qd5+ Qxd5 45. cxd5 Rxg5 46. Rxg5 fxg5 47. Rxg5 Rf8 48. Rg7 Kc8 49. Kd2 Kd8 50. Ke3 Nd7 51. Bg4 Nf6 52. Rg6 Ke8 53. Kf3 Kf7 54. Rh6 Ke7 55. Bh5 Kd8 56. Bg6 Ke7 57. Rh2 Kd8 58. Re2 Rh8 59. Kg3 Ke7 60. Re3 Kd7 61. Re2 Ke7 62. Kg2 Kd8 63. Bf7 Rh4 64. Kg3 Rg4+ 65. Kh3 Rg7 66. Be6 Ke7 67. Kh2 Rg4 68. Kh3 Rg7 69. Re3 Rh7+ 70. Kg3 Kd8 71. Re1 Re7 72. Rc1 Nxe4+ 73. Kg4 Rg7+ 74. Kh5 Nf6+ 75. Kh6 1/2-1/2

[Event "MVP-ch Seniors op 14th"]
[Site "Binz"]
[Date "2014.11.28"]
[Round "4"]
[White "Assmann, Hans"]
[Black "Barlo, Werner"]
[Result "1/2-1/2"]
[WhiteElo "1472"]
[BlackElo "1675"]
[PlyCount "22"]
[EventDate "2014.11.25"]
[EventType "swiss"]
[EventRounds "9"]
[EventCountry "GER"]
[SourceTitle "EXT 2016"]
[Source "ChessBase"]
[SourceDate "2015.10.08"]
[SourceVersion "1"]
[SourceVersionDate "2015.10.08"]
[SourceQuality "1"]

1. e4 e6 2. Nf3 d5 3. Nc3 c5 4. d4 dxe4 5. Nxe4 cxd4 6. Qxd4 Qxd4 7. Nxd4 a6 8. Be3 Be7 9. Be2 Nf6 10. Nxf6+ Bxf6 11. c3 Bd7 1/2-1/2

[Event "MVP-ch Seniors op 13th"]
[Site "Binz"]
[Date "2013.12.05"]
[Round "9"]
[White "Assmann, Hans"]
[Black "Thielemann, Joachim"]
[Result "0-1"]
[WhiteElo "1701"]
[BlackElo "1716"]
[PlyCount "34"]
[EventDate "2013.11.27"]
[EventType "swiss"]
[EventRounds "9"]
[EventCountry "GER"]
[SourceTitle "EXT 2015"]
[Source "ChessBase"]
[SourceDate "2014.11.20"]
[SourceVersion "1"]
[SourceVersionDate "2014.11.20"]
[SourceQuality "1"]

1. e4 e5 2. Nf3 d6 3. c3 Nf6 4. Be2 Nc6 5. d3 d5 6. Bg5 Be7 7. exd5 Nxd5 8. Bxe7 Qxe7 9. Nbd2 0-0 10. Qc2 Bf5 11. g3 Rad8 12. h4 Rfe8 13. 0-0-0 h6 14. Rde1 b5 15. Bd1 a5 16. Nb3 Qd6 17. Nbd2 Ndb4 0-1

[Event "MVP-ch Seniors op 12th"]
[Site "Binz"]
[Date "2012.12.05"]
[Round "8"]
[White "Assmann, Hans"]
[Black "Rollwitz, Inge"]
[Result "1-0"]
[WhiteElo "1495"]
[BlackElo "1288"]
[PlyCount "109"]
[EventDate "2012.11.28"]
[EventType "swiss"]
[EventRounds "9"]
[EventCountry "GER"]
[SourceTitle "EXT 2014"]
[Source "ChessBase"]
[SourceDate "2013.11.20"]
[SourceVersion "1"]
[SourceVersionDate "2013.11.20"]
[SourceQuality "1"]

1. e4 d6 2. Bc4 e6 3. Nf3 Nf6 4. d3 g6 5. Bg5 Bg7 6. Nc3 c6 7. Qe2 0-0 8. 0-0-0 Nbd7 9. d4 Qc7 10. h3 a6 11. Rhe1 b5 12. Bb3 Bb7 13. e5 dxe5 14. dxe5 Nd5 15. Nxd5 cxd5 16. Be7 Rfc8 17. Bd6 Qd8 18. c3 Nb6 19. Kb1 Nc4 20. Bxc4 bxc4 21. Rd4 Qd7 22. Rh4 Bf8 23. Bxf8 Rxf8 24. Rd1 f6 25. exf6 Rxf6 26. Rxc4 Qb5 27. Qe5 Qxc4 28. Qxf6 Qe4+ 29. Kc1 Qf5 30. Qe5 Rf8 31. Re1 Bc8 32. Re2 Qf4+ 33. Qxf4 Rxf4 34. Kd2 a5 35. b3 Kg7 36. Nd4 Rf6 37. a4 Bd7 38. f3 g5 39. Kd3 h5 40. Re5 Kg6 41. g3 Bc8 42. Ke3 Bd7 43. f4 gxf4+ 44. gxf4 h4 45. Nf3 Kf7 46. Rh5 Kg7 47. Ne5 Be8 48. Rxh4 Rh6 49. Rxh6 Kxh6 50. c4 dxc4 51. Nxc4 Kg6 52. Nxa5 Kf5 53. Nc4 Bc6 54. a5 Bb5 55. Nd6+ 1-0

[Event "Mecklenburg VP LL2 Ost 0910"]
[Site "Mecklenburg VP"]
[Date "2010.03.28"]
[Round "6.8"]
[White "Assmann, Hans"]
[Black "Macherius, Uwe"]
[Result "0-1"]
[WhiteElo "1593"]
[BlackElo "1595"]
[PlyCount "76"]
[EventDate "2009.10.18"]
[EventType "team-tourn"]
[EventRounds "9"]
[EventCountry "GER"]
[SourceTitle "EXT 2016"]
[Source "ChessBase"]
[SourceDate "2015.10.08"]
[SourceVersion "1"]
[SourceVersionDate "2015.10.08"]
[SourceQuality "1"]
[WhiteTeam "Stralsund FHSG II"]
[BlackTeam "Wolgast Motor"]
[WhiteTeamCountry "GER"]
[BlackTeamCountry "GER"]

1. e4 d5 2. exd5 Nf6 3. c4 c6 4. Nc3 cxd5 5. d4 Nc6 6. Nf3 Bg4 7. Be3 e6 8. a3 Ne4 9. h3 Bxf3 10. gxf3 Nxc3 11. bxc3 Be7 12. Bd3 Qa5 13. Qb3 0-0 14. Bd2 dxc4 15. Bxc4 Qf5 16. Be2 Na5 17. Qd1 b6 18. Be3 Qd5 19. Bd3 f5 20. 0-0 f4 21. Be4 Qg5+ 22. Kh1 fxe3 23. Bxa8 Rxa8 24. fxe3 Qxe3 25. Re1 Qh6 26. Ra2 Bd6 27. Re4 Qxh3+ 28. Kg1 Rf8 29. Rg2 Rxf3 30. Qe2 Rxc3 31. Qe1 Rxa3 32. Rxe6 Ra1 33. Re8+ Kf7 34. Rf2+ Kg6 35. Qxa1 Kh6 36. Qc1+ g5 37. Rg8 Bf4 38. Rxf4 Qg3+ 0-1

[Event "Mecklenburg VP LL2 Ost 0910"]
[Site "Mecklenburg VP"]
[Date "2010.03.21"]
[Round "8.8"]
[White "Buenz, Heinrich"]
[Black "Assmann, Hans"]
[Result "1-0"]
[WhiteElo "1636"]
[BlackElo "1593"]
[PlyCount "105"]
[EventDate "2009.10.18"]
[EventType "team-tourn"]
[EventRounds "9"]
[EventCountry "GER"]
[SourceTitle "EXT 2016"]
[Source "ChessBase"]
[SourceDate "2015.10.08"]
[SourceVersion "1"]
[SourceVersionDate "2015.10.08"]
[SourceQuality "1"]
[WhiteTeam "Neubrandenburg SG Eintracht II"]
[BlackTeam "Stralsund FHSG II"]
[WhiteTeamCountry "GER"]
[BlackTeamCountry "GER"]

1. Nf3 Nf6 2. c4 Nc6 3. g3 e6 4. Bg2 a6 5. 0-0 Be7 6. d4 0-0 7. Nc3 d6 8. b3 Re8 9. Bb2 Bf8 10. e4 Ne7 11. e5 Nd7 12. Qc2 Ng6 13. Rad1 Rb8 14. exd6 cxd6 15. Ba3 Qc7 16. Ng5 Nf6 17. Nce4 Nxe4 18. Nxe4 b5 19. c5 b4 20. Bb2 d5 21. Ng5 Bd7 22. f4 h6 23. Nh3 Bb5 24. Rf3 f5 25. Re3 Rbc8 26. Rde1 Kf7 27. Nf2 Qa5 28. Ba1 Qc7 29. Nd3 a5 30. Ne5+ Nxe5 31. Rxe5 g6 32. Bf3 Qc6 33. Qg2 Qa6 34. Rxe6 Rxe6 35. Rxe6 Kxe6 36. Bxd5+ Kf6 37. Bb7 Qe6 38. d5+ Ke7 39. dxe6 Rxc5 40. Qd2 Kxe6 41. Be5 Be7 42. Kg2 g5 43. Kf3 a4 44. Bd4 g4+ 45. Ke3 Rc7 46. Qg2 Rd7 47. Bc6 Rxd4 48. Kxd4 Bf6+ 49. Kc5 axb3 50. Qd5+ Ke7 51. Bxb5 b2 52. Qd7+ Kf8 53. Bd3 1-0